Video Game by Phonetic Name Quiz Stats

 Plays Quiz Updated Oct 10, 2019

Score 0/20 Timer 03:00
44 Plays Today
% Correct
Dark Souls
91.9%
Call of Duty
91.4%
Grand Theft Auto
91.2%
Final Fantasy
91.2%
Halo
91%
World of Warcraft
90.9%
Red Dead Redemption
90.5%
Fallout
90.4%
Minecraft
90.3%
Soul Calibur
89.9%
% Correct
Mario Kart
89.9%
Fortnite
89.8%
Legend of Zelda
89.4%
Pokémon
89.3%
Street Fighter
88.4%
League of Legends
87%
XCOM
86.6%
Overwatch
84.8%
Civilization
83.9%
Pacman
75.8%

You're not logged in!

Compare scores with friends on all Sporcle quizzes.
OR
Log In

Sporcle TV

Today on Sporcle TV


Watch our educational content, quiz creation guides, and fun videos on Sporcle TV.

Show Comments

Extras

Top Quizzes Today


Score Distribution

Your Account Isn't Verified!

In order to create a playlist on Sporcle, you need to verify the email address you used during registration. Go to your Sporcle Settings to finish the process.

Report this User

Report this user for behavior that violates our Community Guidelines.

Details: